Manual of Firemanship : A survey of the science of fire-fighting; Fire Brigade Equipment (Book 2) (Record no. 11343)

000 -LEADER
fixed length control field 00314nam a2200109Ia 4500
008 - FIXED-LENGTH DATA ELEMENTS--GENERAL INFORMATION
fixed length control field 210107s9999 xx 000 0 und d
100 ## - MAIN ENTRY--PERSONAL NAME
Personal name HMSO
245 #0 - TITLE STATEMENT
Title Manual of Firemanship : A survey of the science of fire-fighting; Fire Brigade Equipment (Book 2)
260 ## - PUBLICATION, DISTRIBUTION, ETC.
Place of publication, distribution, etc. London
Name of publisher, distributor, etc. HMSO
300 ## - PHYSICAL DESCRIPTION
Extent 199
942 ## - ADDED ENTRY ELEMENTS (KOHA)
Koha item type Books
Holdings
Withdrawn status Lost status Damaged status Not for loan Permanent Location Date acquired Full call number Barcode Date last seen Price effective from Koha item type
        IMU Kolkata 2021-01-07 628.922 H6779 PM07163 2021-01-07 2021-01-07 Books
Designed and Maintained by IMU-KC Library, Kolkata Campus © Copyright All Rights Reserved

webs counters

Powered by Koha